000 00432nam a2200181Ia 4500
001 17609
005 20260306171530.0
008 260306s9999||||xx |||||||||||||| ||und||
041 _aESP
082 _a658.1
_bF81 2007
100 _aFranco Concha, Pedro
_eAUT
245 0 _aPlanes de negocios texto impreso
260 _c2007
300 _a122 páginas :
_ccm.
650 _aGEN
654 _aCAN
942 _cLIB
_dJUS
_fJUS
_2ddc
_n
999 _c17609
_d17609